LDR 00971nam a2200217 i 4500 001 000000156253 003 CaOOAMICUS 005 20260527123835.0 008 061130s1969 it u000 u ita u 040 $aSeMil$bita 245 10$a[12]: Le rivoluzioni nazionali /$cRenè Albrecht-Carrié. 300 $aXIV, 543 p., 39 c. di tav. 650 4$aEuropa - Storia - Sec. 19.$0(OLS)http://semarc/subject/1859 650 4$aNazioni - Formazione - Storia - Sec. 19.$0(OLS)http://semarc/subject/30560 700 1 $aAlbrecht-Carrié, Renè.$0(OLS)http://semarc/name/40494 773 0 $tNuova storia universale dei popoli e delle civiltà.$dTorino : Unione Tipografico-Editrice Torinese, 1969-1986.$g12$w()16922 850 $aSeMil 852 $aSeMil$W1$xVenegono$y1$mSL1.G I 12$j272630$B108047$CSeMilBibl$Z2$F117927 $8I 961 $aOmaggio: Villa don Cesare 996 $6245$a[12]: Le rivoluzioni nazionali$9(OLS)http://semarc/title/229007